000
00356nam a2200169Ia 4500
003
IT-RoPAU
008
120407s9999 xx 000 0 und d
040
_a
IT-RoPAU
040
_c
IT-RoPAU
100
_a
Giovanni Leonardi
245
_a
Apostoli al femminile
250
_a
Padova
260
_a
Messaggero
300
_c
cm
490
_v
1
942
_c
BK
999
_c
8331
_d
8331